02093cam a22003854i 4500003000900000005001700009008004100026020001500067020001800082035002000100040003300120082002000153245014700173264005300320300005100373336002100424337002500445338002300470504004000493505093800533526001001471526001001481526001001491526001001501526000801511526000801519526000801527526000801535526000801543526000801551526000801559650006401567700004001631700003601671PE-LiUPU20250731172859.0170103s2015 xxua rb 000 0 spa d a1451470037 a9781451470031 a(Sirsi) a165822 aPE-LiUPUbspacPE-LiUPUerda04a227.06bP2922300aPaul within Judaismh[electronic resource] :brestoring the first-century context to the apostle /cMark D. Nanos, Magnus Zetterholm, editors. 1aMinneapolis, Minnesota :bFortress Press,c2015. a350 páginasbilustraciones ;c23 centimetros atext2rdacontent aunmediated2rdamedia avolume2rdacarrier aBibliografía : páginas 303-327.0 aIntroduction / Mark D. Nanos -- Paul within Judaism : the state of the questions/Magnus Zetterholm -- The question of terminology : the architecture of contemporary discussions on Paul / Anders Runesson -- The question of assumptions : Torah observance in the first century/Karin Hedner Zetterholm -- The question of conceptualization : qualifying Paul's position on circumsion in dialogue with Josephus's advisor to King Izates / Mark D. Nanos -- The question of identity : Gentiles as Gentiles, but also not, in Pauline communities / Caroline Johnson Hodge -- The question of worship : gods, pagans, and the redemption of Israel / Paula Fredriksen -- The question of politics : Paul as a Diaspora Jew under Roman rule / Neil Elliott -- The question(s) of gender : relocating Paul in relation to Judaism / Kathy Ehrensperger -- Paul within Judaism : a critical evaluation from a "new perspective" perspective / Terence L. Donaldson. aSEG42 aSEG41 aSEG40 aSEG39 aP94 aP87 aP86 aP85 aP77 aP76 aP3504aEspístolas de Pablo  xCriticismo, interpretación, etc.1 aZetterholm, Magnus,d1958-eeditor.1 aNanos, Mark D.,d1954-eeditor.